Estadísticas para Mapa de las Américas Pixeladas

Haz click aquí para intentar la prueba.

Estadísticas generales

  • Esta prueba ha sido intentada 5.133 veces
  • La puntuación promedio es 154 de 156

Respuestas en el mapa

Las respuestas están codificadas por una escala verde-roja en el mapa de la prueba según el % correcto abajo.
 

Estadísticas de respuestas

País% Correcto
Argentina
99%
Brasil
99%
Canadá
99%
Estados Unidos
99%
México
99%
Colombia
98%
Chile
97%
Paraguay
97%
Perú
97%
Uruguay
97%
Venezuela
97%
Bolivia
96%
Surinam
89%
Honduras
84%

Distribución de puntuación

Porcentaje por número respondido

Porcentaje de gente con cada puntuación

Historial de tus puntuaciones

No has intentado esta prueba.